00701nam a22002057a 45000010005000000030010000050050017000150080041000320400047000730410008001200820018001281000029001462450098001752640076002733000012003493360027003613370033003883380028004216530046004492872CO-MdFUSB20180622073124.0171127s1981 cr ||||| |||| 00| 0 spa d aCO-MdFUSBbspacCO-MdFUSBdCO-MdFUSBCerda0 aspa04aG 226.5 Z887f1 aZorrilla C., Hugoeautor13aLa fiesta de liberación de los oprimidosb: Relectura de Jn 7.1-10.21 c / Hugo Zorrilla C. 1aSan José, Costa Rica :b Seminario Bíblico Latinoamericano,c[1981] a318 Pag 2rdacontentatextobtxt 2rdamediaasin mediaciónbn 2rdacarrieravolumenbnc aInterpretación de la Biblia N.T - Juan